00620nam a2200181 u 450000100100000000500170001000800410002704000250006808200150009324500970010826000470020530000210025250000260027359000740029970000390037304900090041299900170042100003614920200930074923.0111220s1979 pr r 000 0 spa d aDO-SdBNPbspacBNPHU axxxxbxxxx00aPuerto Rico :bidentidad nacional y clases sociales /cÁngel G. Quintero Rivera...[et.al]. aRio Piedras :bEdiciones Huracán,c1979. a146 p. ;c22 cm. aColoquio de princeton aPerteneció a la bibliteca personal de Juan Isidro Jimenes Grullón1 aQuintero Rivera, Ángel G.962186 aBNPD c35640d35640